Paisaje y Territorio / (Record no. 113802)
[ view plain ]
| 000 -LEADER | |
|---|---|
| fixed length control field | 00846nam a22002297a 4500 |
| 005 - DATE AND TIME OF LATEST TRANSACTION | |
| control field | 20160225110723.0 |
| 008 - FIXED-LENGTH DATA ELEMENTS--GENERAL INFORMATION | |
| fixed length control field | 160225b sp||||| |||| 00| 0 spa d |
| 020 ## - INTERNATIONAL STANDARD BOOK NUMBER | |
| International Standard Book Number | 9788496775381 |
| 050 04 - LIBRARY OF CONGRESS CALL NUMBER | |
| Classification number | SB469 .23 |
| Item number | P35 2008 |
| 245 00 - TITLE STATEMENT | |
| Title | Paisaje y Territorio / |
| Statement of responsibility, etc | dir. Javier Maderuelo ; tr. Maysi Veuthey |
| 250 ## - EDITION STATEMENT | |
| Edition statement | 1a ed. |
| 260 ## - PUBLICATION, DISTRIBUTION, ETC. (IMPRINT) | |
| Place of publication, distribution, etc | Huesca : CDAN, Centro de Arte y Naturaleza, Fundación Beulas ; Madrid, España : |
| Name of publisher, distributor, etc | Abada, |
| Date of publication, distribution, etc | 2008. |
| 300 ## - PHYSICAL DESCRIPTION | |
| Extent | 350 p. : |
| Other physical details | il. ; |
| Dimensions | 24 cm. |
| 490 #0 - SERIES STATEMENT | |
| Series statement | Pensar el paisaje ; Lecturas., Historia del arte y de la arquitectura., |
| Volume number/sequential designation | No 3 |
| 650 #4 - SUBJECT ADDED ENTRY--TOPICAL TERM | |
| Topical term or geographic name as entry element | Arquitectura del paisaje |
| General subdivision | Congresos. |
| 650 #4 - SUBJECT ADDED ENTRY--TOPICAL TERM | |
| Topical term or geographic name as entry element | La planificación regional |
| General subdivision | Congresos. |
| 650 #4 - SUBJECT ADDED ENTRY--TOPICAL TERM | |
| Topical term or geographic name as entry element | Naturaleza (Estética) |
| 650 #4 - SUBJECT ADDED ENTRY--TOPICAL TERM | |
| Topical term or geographic name as entry element | Paisaje |
| General subdivision | Filosofia |
| 700 1# - ADDED ENTRY--PERSONAL NAME | |
| Personal name | Veuthey,Maysi, |
| Relator term | tr. |
| 700 1# - ADDED ENTRY--PERSONAL NAME | |
| Personal name | Ansón,Antonio, |
| Relator term | colab. |
| 942 ## - ADDED ENTRY ELEMENTS (KOHA) | |
| Source of classification or shelving scheme | Biblioteca del Cogreso de los Estados Unidos |
| Koha item type | Libro |
| Estado de pérdida | Fuente de clasificación | Estado del daño | No para préstamo | Ubicación permanente | Ubicación actual | Apartado o colección | Fecha de adquisición | Edición | Área del conocimiento | Clasificación | Código de Barras | Date last seen | Número de copia | Tipo de recurso |
|---|---|---|---|---|---|---|---|---|---|---|---|---|---|---|
| Biblioteca del Cogreso de los Estados Unidos | Biblioteca de la Facultad de Filosofía | Biblioteca de la Facultad de Filosofía | General | 25/02/2016 | 1a ed. | Educación y Humanidades | SB469 .23 P35 2008 | BFF000015352 | 25/02/2016 | 1 | Libro | |||
| Biblioteca del Cogreso de los Estados Unidos | Biblioteca de la Facultad de Filosofía | Biblioteca de la Facultad de Filosofía | General | 25/02/2016 | 1a ed. | Educación y Humanidades | SB469 .23 P35 2008 | BFF000015353 | 25/02/2016 | 2 | Libro |